000 00779nam a22001817a 4500
999 _c61498
_d61498
005 20240320112628.0
008 240320c2007 ge ||||| |||| 00| 0 geo d
020 _q15120880
041 _ageo
245 _aსაქართველოს ბიბლიოთეკა :
_b2007 /
_cრედ.: ალექსანდრე ლორია, გურამ თაყნიაშვილი.
260 _aთბილისი,
_c2000-
300 _aV.
653 _aბიბლიოთეკა
653 _aპერიოდიკა
700 _aლორია, ალექსანდრე
_eრედქტორი
_921482
700 _aთაყნიაშვილი, გურამ
_eრედაქტორი
_921480
942 _2udc
_cᲬᲘᲒᲜᲘ